| 000 | 01306cam a2200325 a 4500 | ||
|---|---|---|---|
| 001 | 14803980 | ||
| 003 | ARRUPE | ||
| 005 | 20131004120707.0 | ||
| 008 | 070411s2005 enk b 001 0 eng d | ||
| 010 | _a 2007273565 | ||
| 020 | _a0860123847 | ||
| 020 | _a9780860123842 | ||
| 035 | _a(OCoLC)ocm62776953 | ||
| 040 |
_aPTS _cPTS _dBAKER _dDAY _dYDXCP _dDLC |
||
| 042 | _alccopycat | ||
| 050 | 0 | 0 |
_aBX808 _b.N49 2005 |
| 245 | 0 | 0 |
_aNew religious movements in the Catholic Church / _cedited by Michael A. Hayes. |
| 260 |
_aLondon ; _aNew York : _bBurns & Oates, _c2005. |
||
| 300 |
_avi, 182 p. ; _c22 cm. |
||
| 504 | _aIncludes bibliographical references and index. | ||
| 610 | 2 | 0 |
_aCatholic Church _xSocieties, etc. _92103 |
| 650 | 0 |
_aChurch renewal _xCatholic Church. _92104 |
|
| 700 | 1 |
_aHayes, Michael A., _cChaplain. _92105 |
|
| 856 | 4 | 1 |
_3Table of contents only _uhttp://www.loc.gov/catdir/toc/fy0710/2007273565.html |
| 856 | 4 | 2 |
_3Contributor biographical information _uhttp://www.loc.gov/catdir/enhancements/fy1116/2007273565-b.html |
| 856 | 4 | 2 |
_3Publisher description _uhttp://www.loc.gov/catdir/enhancements/fy1214/2007273565-d.html |
| 906 |
_a7 _bcbc _ccopycat _d2 _encip _f20 _gy-gencatlg |
||
| 942 |
_2lcc _cMONOGRAPH |
||
| 999 |
_c118246 _d118246 |
||